00405nam a2200157Ia 45000010006000000050017000060080041000230410008000640820017000721000022000892450079001112600009001903000032001996500008002316540008002391827520260306171618.0260306s9999||||xx |||||||||||||| ||und|| aESP a658.402bH41 aHersey, PauleAUT 0aAdministración del comportamiento organizacional:bliderazgo situacional c1998 axxv, 627 páginas :c23 cm aGEN aCAN